000 00278nam a22001217a 4500
005 20170401155732.0
008 170401b xxu||||| |||| 00| 0 eng d
041 _aeng
245 _aA INTRODUCTION TO METALLIFEROUS MINING
300 _a336
650 _aMINING
_93795
942 _cBK
999 _c5399
_d5397